000 00648nam a2200229Ia 4500
003 OSt
005 20220923230650.0
006 a|||||r|||| 00| 0
007 ta
008 Pun
024 _a304,573
037 _cTextual
040 _aARTS
_cARTS
_bPun
041 _2Pun
_aPun
082 _aY73(P153):1, 157N7
100 _aਸੰਘਾ, ਸੁਜਿੰਦਰ ਸਿੰਘ
245 0 _aਵਲੈਤੋ੍ਵ ਵੇਖੀ ਦੁਨੀਆਂ
260 _c1997
650 _aਸਮਾਜ Fਾਸਤਰ
942 _hY73(P153):1, 157N7
_cTEXL
_2CC
999 _c386383
_d386383